| 000 | 01832cam a22004814i 4500 | ||
|---|---|---|---|
| 003 | PE-LiUPU | ||
| 005 | 20250731184515.0 | ||
| 008 | 150617s r 000 0 d | ||
| 035 | _a(Sirsi) a16741 | ||
| 040 |
_aPE-LiUPU _bspa _cPE-LiUPU _erda |
||
| 049 | _aPRUA | ||
| 082 | 0 | 4 |
_a985.0095 _bA241c _221 |
| 100 | 1 |
_aAdorno, Rolena, _eautor. |
|
| 245 | 1 | 0 |
_aCronista y príncipe : _bla obra de don Felipe Guamán Poma de Ayala / _cRolena Adorno. |
| 264 | 1 |
_aLima : _bPOntificia Universidad Catolica del Perú. Fondo Editorial, _c1989. |
|
| 300 |
_a276 páginas : _bilustrado ; _c21 centímetros. |
||
| 336 |
_atext _2rdacontent |
||
| 337 |
_aunmediated _2rdamedia |
||
| 338 |
_avolume _2rdacarrier |
||
| 504 | _anotas bibliográficas. | ||
| 505 | 0 | _a"Seruiendo a los dotores" -- "El autor ayala" -- "Los sabios que componen los libros".- "Invención y dibujo" -- "La primera historia de las reinas, Coya" -- "Los quatro partes del mundo" -- "Comienzo a llorar" -- "No permita que nos acauemos". | |
| 526 | _aP136 | ||
| 526 | _aP135 | ||
| 526 | _aP134 | ||
| 526 | _aP133 | ||
| 526 | _aP144 | ||
| 526 | _aP143 | ||
| 526 | _aP87 | ||
| 526 | _aP35 | ||
| 526 | _aP20 | ||
| 526 | _aP14 | ||
| 526 | _aP10 | ||
| 526 | _aP06 | ||
| 600 | 1 | 8 |
_aGuamán Poma de Ayala, Felipe, _dm. 1615? _xCrítica e interpretación. _93363 |
| 710 |
_aPontificia Universidad Católica del Perú. _92255 |
||
| 910 | _ajck | ||
| 942 |
_2ddc _cBK |
||
| 949 |
_a985.0191 A24 _wDEWEY _c1 _i36055 _lCCODEBUL1 _mBUL _r0 _sY _tBOOK _u19910507 _xEDUCACION _zUNKNOWN _0COMPRA _o.STAFF. Colección General |
||
| 949 |
_a985.0191 A24 _wDEWEY _c2 _i31495 _lCCODEBUL1 _mBUL _r0 _sY _tBOOK _u19910507 _xEDUCACION _zUNKNOWN _0COMPRA _o.STAFF. Colección General |
||
| 980 |
_81 _gALBERTO SANCHEZ Responsable de Automatización |
||
| 999 |
_c16160 _d16160 |
||